000 01285cam a22003735a 4500
001 14732098
003 OSt
005 20140310184409.0
008 070212r20071977nyua c 000 1 eng
010 _a 2007271296
020 _a9780590132008
040 _aDLC
_cDLC
_dDLC
042 _alcac
050 0 0 _aPZ 7
_b.P273Br 1972
100 1 _aPaterson, Katherine.
_9578
245 1 0 _aBridge to Terabithia /
_cKatherine Paterson ; illustrated by Donna Diamond.
250 _a1st HarperEntertainment ed.
260 _aNew York :
_bHarperEntertainment,
_c1972
300 _a128 p. :
_bill. ;
_c19 cm.
521 _aG6
526 _c810
562 _e1
650 1 _aFriendship
_vFiction.
_919900
650 1 _aGrief
_vFiction.
_919901
650 1 _aDeath
_vFiction.
_919902
651 1 _aVirginia
_xHistory
_y20th century
_vFiction.
_919903
700 1 _aDiamond, Donna,
_eill.
_919904
856 4 2 _3Contributor biographical information
_uhttp://www.loc.gov/catdir/enhancements/fy0911/2007271296-b.html
856 4 2 _3Publisher description
_uhttp://www.loc.gov/catdir/enhancements/fy0911/2007271296-d.html
906 _a7
_bcbc
_corigcop
_d2
_encip
_f20
_gy-gencatlg
942 _2lcc
_cBK-SCHOLAS
999 _c34078
_d34078